[Event "Munich op 25th"]
[Site "Munich"]
[Date "2005.10.02"]
[Round "2"]
[White "Wank, Rainer"]
[Black "Von Bahr, Oskar"]
[Result "1/2-1/2"]
[WhiteElo "2125"]
[BlackElo "2314"]
[PlyCount "65"]
[EventDate "2005.10.01"]
[EventType "swiss"]
[EventRounds "9"]
[EventCountry "GER"]
[SourceTitle "EXT 2006"]
[Source "ChessBase"]
[SourceDate "2005.11.24"]
[SourceVersion "1"]
[SourceVersionDate "2005.11.24"]
[SourceQuality "1"]

1. d4 Nf6 2. Nf3 e6 3. e3 b6 4. Bd3 Bb7 5. Nbd2 c5 6. Qe2 Nc6 7. a3 Be7 8. b3 Qc7 9. Bb2 d6 10. c4 0-0 11. 0-0 Rfe8 12. Ne1 cxd4 13. exd4 Bf8 14. f4 d5 15. Nef3 Rad8 16. cxd5 Rxd5 17. Ne4 Be7 18. Rac1 Qb8 19. Neg5 Nd8 20. Ne5 Bf8 21. f5 h6 22. fxe6 Nxe6 23. Ngxf7 Nxd4 24. Bxd4 Rxd4 25. Bc4 Bd5 26. Qf2 Bc5 27. Bxd5 Rxd5 28. Rxc5 bxc5 29. Nxh6+ gxh6 30. Qxf6 Qxe5 31. Qg6+ Kh8 32. Qxh6+ Kg8 33. Qg6+ 1/2-1/2